000 00652nam a2200205 a 4500
005 20260221063941.0
008 991125s1976 bar 000 0 spa u
020 _a8429712445
035 _aUPN01000032884
049 _aCG
050 4 _aLB885 I4
_bH3.58
100 1 _aHannoun, Hubert,
_d1931-
245 1 0 _aIvan Illich, ó, La escuela sin sociedad /
_cHubert Hannoun ; tr. Jaume Fuster.
260 _aBarcelona, Esp. :
_bPenínsula,
_c1976.
300 _a230 p.
440 0 _aEdiciones de bolsillo.
_pCiencias humanas. Pedagogía ;
_pPedagogía ;
_v493
600 1 4 _aILLICH, IVAN,
_d1926-
650 4 _aEducación
_xFilosofía
_94994
905 _aLibro
999 _c32884
_d32884